| 000 | 02682cas a2200721 4500 | ||
|---|---|---|---|
| 001 | 11235378 | ||
| 003 | NUST | ||
| 005 | 20211006101544.0 | ||
| 008 | 751101c19699999nyubr p 0 a0eng | ||
| 010 |
_asf 80001517 _zsn 78004941 |
||
| 015 |
_a011463775 _2dnb |
||
| 016 | 7 |
_a011463775 _2DE-101 |
|
| 016 | 7 |
_a242254-2 _2DE-600 |
|
| 016 | 7 |
_a009181329 _2Uk |
|
| 020 | _a9780486607559 | ||
| 022 | 0 |
_a0039-2316 _l0039-2316 _21 |
|
| 030 | _aSMTLB5 | ||
| 032 |
_a856260 _bUSPS |
||
| 035 | _a(OCoLC)ocm01766613 | ||
| 037 | _bPlenum Publishing Corporation, 227 W. 17th St., New York, NY 10011 | ||
| 038 | _aKhadija | ||
| 040 |
_aDLC _beng _cMUL _dCOO _dNSD _dDLC _dAIP _dNSD _dAIP _dNST _dNSD _dNST _dOCL _dCUS _dOCLCQ _dDLC _dOCLCQ _dMYG _dGUA _dNSD _dOCLCQ _dDEBBG _dGBVCP _dUKMGB _dOCLCQ _dOCLCF _dIUL _dDLC |
||
| 041 | 1 |
_aeng _hrus |
|
| 042 |
_ansdp _apcc |
||
| 050 | 0 | 0 |
_aTA405 _b.P752 |
| 066 | _c(N | ||
| 082 | 1 | 0 |
_a620.112 _211 _bHAR |
| 100 | _4Den Hartog, J. P. | ||
| 130 | 0 |
_6880-01 _aProblemy prochnosti. _lEnglish. _934713 |
|
| 210 | 0 | _aStrength mater. | |
| 222 | 0 | _aStrength of Materials | |
| 245 | 1 | 0 | _aStrength of Materials. |
| 260 |
_aNew York, _bDover, _c2019. |
||
| 300 |
_avolumes _billustrations _c28 cm |
||
| 310 |
_aBimonthly, _bJan./Feb. 1997- |
||
| 321 |
_aMonthly, _bJuly 1969-Dec. 1996 |
||
| 336 |
_atext _btxt _2rdacontent |
||
| 337 |
_aunmediated _bn _2rdamedia |
||
| 338 |
_avolume _bnc _2rdacarrier |
||
| 362 | 0 | _aJuly 1969- | |
| 500 | _aPublished: Springer, <2014-> | ||
| 510 | 0 |
_aChemical abstracts _x0009-2258 |
|
| 515 | _aCarries vol. numbering and date of the Russian original. | ||
| 546 | _aTranslated from the Russian original. | ||
| 563 | _aPB | ||
| 588 | _aLatest issue consulted: Vol. 46, no. 6 (Nov. 2014). | ||
| 590 | _aSERBIB/SERLOC merged record | ||
| 650 | 0 |
_aStrength of materials _vPeriodicals. _934714 |
|
| 650 | 0 | 7 |
_aMechanische Eigenschaft. _2swd _934715 |
| 650 | 0 | 7 |
_aWerkstoff. _2swd _934716 |
| 650 | 0 | 7 |
_aZeitschrift. _2swd _934717 |
| 650 | 7 |
_aStrength of materials. _2fast _0(OCoLC)fst01134837 _9563 |
|
| 655 | 7 |
_aPeriodicals. _2fast _0(OCoLC)fst01411641 |
|
| 710 | 2 |
_aConsultants Bureau. _934718 |
|
| 765 | 0 |
_6880-02 _tProblemy prochnosti _x0556-171X _w(DLC)sn 85004956 _w(OCoLC)9859225 |
|
| 776 | 0 | 8 |
_iOnline version: _tStrength of materials (Online) _x1573-9325 _w(DLC) 2008233211 _w(OCoLC)48472670 |
| 880 | 0 |
_6130-01/(N _aПроблемы прочности. _lEnglish. |
|
| 880 | 0 |
_6765-02/(N _tПроблемы прочности _x0556-171X _w(DLC)sn 85004956 _w(OCoLC)9859225 |
|
| 906 |
_a7 _bcbc _cserials _d3 _encip _f19 _gn-oclcserc |
||
| 942 |
_2ddc _cBK |
||
| 999 |
_c540601 _d540601 |
||